000 00765nam a2200229Ia 4500
999 _c35991
_d35991
001 1890
003 GE_BSU
005 20221007124923.0
008 181216s2006ru xx |||||||||||||| ||rus||
020 _a5482005607
040 _cGE_BSU
041 _arus
080 _a346+347.7 К-46
100 _aКовалов, А.С.
_915144
245 _aЮрист и Безопасность Бизнеса. Психологическое Аспекты /
_c А.С. Ковалов.
264 _aМосква :
_bПроспект,
_c2006.
300 _a304 с.
_b 22 см.:
653 _aПсихологическое Аспекты;
653 _aЮрист и Безопасность Бизнеса;
653 _aფსიქოლოგია
942 _cBK
_2udc